00802nam a2200193 a 4500008004100000020001800041050001600059100002000075245007300095250001200168260005000180300001000230350000900240650001200249650001500261995018000276999001700456952013500473150817s1998 ||||||||||||||||| || u a9780137517367 aQP 34.5 Smi aSmith, Robert R10aFundamentals of anatomy and physiology.(4th ed.)cby Robert R. Smith a4th ed. aUnited States of AmericabPrentice Hallc1998 a595p. a6.10 3aANATOMY aPHYSIOLOGY aMICHAEL CHILUFYA SATA OPEN ACCESSe903040FCBU-SCHOOL OF MEDICINE LIBRARY (Ndola)I6.10jQP 34.5 SmiM1UAVAILABLEWSep 4, 2015y903040ZMedical Library Open Access Collection c31475d31475 00102lcc4070a002b002cMedical Library Open Access Collectiond2022-11-30l0oQP 34.5 Smip903040r2022-11-30w2022-11-30y002